书目信息 |
| 题名: |
回忆录叙事研究
|
|
| 作者: | 覃琳 著 | |
| 分册: | ||
| 出版信息: | 北京 对外经济贸易大学出版社 2019.11 |
|
| 页数: | 201页 | |
| 开本: | 24cm | |
| 丛书名: | 鼎新北科外语学者丛书 | |
| 单 册: | ||
| 中图分类: | I055 , I05 | |
| 科图分类: | ||
| 主题词: | 回忆录--hui yi lu--叙述学--文学研究 | |
| 电子资源: | ||
| ISBN: | 978-7-5663-2108-4 | |
| 000 | 01153nam0 2200289 450 | |
| 001 | 2357572141 | |
| 005 | 20231125155945.40 | |
| 010 | @a978-7-5663-2108-4@dCNY59.00 | |
| 100 | @a20200525d2019 em y0chiy50 ea | |
| 101 | 0 | @achi |
| 102 | @aCN@b110000 | |
| 105 | @ay a 000yy | |
| 200 | 1 | @a回忆录叙事研究@Ahui yi lu xu shi yan jiu@d= A study on the narratology of memoir@f覃琳著@zeng |
| 210 | @a北京@c对外经济贸易大学出版社@d2019.11 | |
| 215 | @a201页@d24cm | |
| 225 | 2 | @a鼎新北科外语学者丛书@Ading xin bei ke wai yu xue zhe cong shu |
| 300 | @a本书为北京科技大学中央高校基本科研业务费专项基金资助项目 (项目编号FRF-TP-17-080A1及FRR-BR-18-003B) | |
| 320 | @a有书目 (第185-201页) | |
| 330 | @a本书聚焦回忆录创作中的叙事特点分析, 内容包括: 回忆录的文体要略与起源流变 ; 回忆录时间叙事与叙事结构 ; 回忆录的叙事视角与叙事方式 ; 回忆录的叙事规约与判断标准等。 | |
| 410 | 0 | @12001 @a鼎新北科外语学者丛书 |
| 510 | 1 | @aStudy on the narratology of memoir@zeng |
| 606 | 0 | @a回忆录@Ahui yi lu@x叙述学@x文学研究 |
| 690 | @aI055@v5 | |
| 690 | @aI05@v4 | |
| 701 | 0 | @a覃琳@Atan lin@4著 |
| 801 | @aCN@b山东中教@c20231121 | |
| 905 | @aBZT@dI05@e1 | |
| 回忆录叙事研究= A study on the narratology of memoir/覃琳著.-北京:对外经济贸易大学出版社,2019.11 |
| 201页;24cm.-(鼎新北科外语学者丛书) |
| 本书为北京科技大学中央高校基本科研业务费专项基金资助项目 (项目编号FRF-TP-17-080A1及FRR-BR-18-003B) |
| ISBN 978-7-5663-2108-4:CNY59.00 |
| 本书聚焦回忆录创作中的叙事特点分析, 内容包括: 回忆录的文体要略与起源流变 ; 回忆录时间叙事与叙事结构 ; 回忆录的叙事视角与叙事方式 ; 回忆录的叙事规约与判断标准等。 |
| ● |
| 相关链接 |
|
|
|
正题名:回忆录叙事研究
索取号:I05/1
 
预约/预借
| 序号 | 登录号 | 条形码 | 馆藏地/架位号 | 状态 | 备注 |
| 1 | 2001048659 | 2001048659 | 中教第一批/山东中教(第一批)/690/ [索取号:I05/1] | 在馆 |